000 00216nam a22000857a 4500
008 161114b xxu||||| |||| 00| 0 eng d
100 _91197
_aBala.R.
245 _aSocial Science-CCE-IX
260 _aNew Delhi
_bS. Chand
_c2012
999 _c3888
_d3888